000 00391nam a2200157 4500
008 190521s2010||||xo d
100 1 _aVitale Joe
_91120
245 1 0 _aSedem stratených tajomstiev úspechu
260 _bOttovo nakladatelství
_aPraha
_c2010
250 _a1.vydanie
300 _a160s.
020 _a9788073609412
_c0
041 1 _aslo
044 _axo
_cSK
958 _aAUL
999 _c22416
_d22416